| 000 | 00877nam a2200193 i 4500 | ||
|---|---|---|---|
| 001 | 85903 | ||
| 003 | ES-MaACL | ||
| 005 | 20230906175331.0 | ||
| 007 | t| | ||
| 008 | 041202 1924 sp ||||1| spa d | ||
| 100 | 1 |
_aKehrli, Otto. _967726 |
|
| 245 | 1 | 0 |
_aSobre el estado de las cárceles españolas, francesas y suizas _b: publicadas en la "Revista Suiza de Derecho Penal" (198 ss.) / _cpor.. Otto Kehrli ; traducción directa del alemán por Eugenio Tarragato expresamente autorizado en Berna por el autor para su publicación en la Revista de los Tribunales. |
| 260 |
_aMadrid : _b[s.n.], _c[1924?] |
||
| 300 |
_a11 p. ; _c20 cm. |
||
| 650 | 4 |
_aEstablecimientos penitenciarios- _zEspaña. _9145832 |
|
| 650 | 4 |
_aEstablecimientos penitenciarios- _zFrancia. _9143319 |
|
| 700 | 1 |
_aTarragato, Eugenio. _9109323 |
|
| 852 |
_aES-MaACL _j1665-F-8 _z.- Ded. manuscrita del traductor |
||
| 999 |
_c85903 _d85903 |
||